| 000 | 01273nam a2200265 4500 | ||
|---|---|---|---|
| 001 | 161898 | ||
| 003 | ES-MaACL | ||
| 005 | 20250930063141.0 | ||
| 008 | 940301m18911907sp b |||| | spa d | ||
| 040 |
_aCLM _bspa |
||
| 080 | _a015(460.27 M.) | ||
| 080 | _a016:094(460.27 M.)"15/16" | ||
| 100 | 1 |
_aPérez Pastor, Cristóbal, _d1833-1908 _991076 |
|
| 245 | 1 | 0 |
_aBibliografía madrileña o descripción de las obras impresas en Madrid / _cpor el presbítero Don Cristóbal Pérez Pastor. |
| 260 |
_aMadrid : _bTip. de los Huérfanos, _c1891-1907. |
||
| 300 |
_a3 v. ; _c29 cm. |
||
| 500 | _aLos 3 v. de la obra fueron premiados por la Biblioteca Nacional en los concursos públicos de 1888, 1893 y 1897 respectivamente. | ||
| 505 | 8 | _aContiene: t. I. Siglo XVI (XLVII, 434 p.) -- t. II. Parte segunda (1601 al 1620) (558 p.) -- t. III. Parte tercera (1621 al 1625) (564, L p.) | |
| 596 | _aNombre de imp. en t.II. y III.: Tip. de la "Revista de Archivos, Bibliotecas y Museos" | ||
| 596 | _aFechas de publicación de t. II: 1906 y de t. III: 1907. | ||
| 650 | 4 |
_aBibliografías madrileñas. _9145609 |
|
| 650 | 4 |
_aLibros antiguos- _zMadrid- _vBibliografías. _9145610 |
|
| 852 |
_aES-MaACL _jB-2940-42 _z-- Enc. pasta |
||
| 999 |
_c161898 _d161898 |
||